| 000 | 00920cam a2200253 4500 | ||
|---|---|---|---|
| 001 | 1711090 | ||
| 005 | 19940131094421.6 | ||
| 008 | 700921s1970 enk | 001 0 eng d | ||
| 010 | _a 70503759 | ||
| 015 | _aB70-12583 | ||
| 020 | _a0800869354 | ||
| 040 |
_aDLC _cDLC _dDLC |
||
| 043 | _ae-ur--- | ||
| 050 | 0 | 0 |
_aDK274 _b.H35 1970b |
| 082 | 0 | 0 |
_a327.47 _bHAY |
| 100 | 1 |
_aHayter, William, _cSir. _910549 |
|
| 245 | 1 | 0 |
_aRussia and the World : _bA Study of Soviet Foreign Policy / _cWilliam Hayter. |
| 260 |
_aNew York : _bTaplinger, _cc1970. |
||
| 300 |
_ax, 133 p. _c21 cm. |
||
| 500 | _aIncludes index | ||
| 651 | 0 |
_aSoviet Union _xForeign relations _y1953-1975. _910550 |
|
| 942 |
_2ddc _cBB |
||
| 999 |
_c13181 _d13181 |
||